| 000 | 01402cam a22003737a 4500 | ||
|---|---|---|---|
| 003 | CHAP | ||
| 005 | 20220329142351.0 | ||
| 008 | 001006d1999 mx r 00110 spa d | ||
| 010 | _a82470 | ||
| 011 | _a83442 | ||
| 035 | _a93955 | ||
| 040 | _cCHAP | ||
| 090 | _aTesis | ||
| 100 | 0 | 0 |
_aPalemon Alberto, Francisco. _984891 |
| 245 | 1 | 0 |
_aEvaluación de 33 líneas de soya (Glycine max (L.) Merrill) para consumo humano obtenidas para selección e irradiación gamma recurrente con Co60 _c/por Francisco Palemon Alberto. |
| 260 |
_aCocula, Guerrero : _bEl autor, _c1999. |
||
| 300 |
_a81 h. : _bcuads. |
||
| 502 | _aTesis (Ing. Agr. Fitotecnista) -- Colegio Superior Agropecuario del Estado de Guerrero. Centro de Estudios Profesionales. Departamento de Fitotecnia. | ||
| 590 |
_aALEPH _b10 _c20130110 _lUCH01 _h1438 |
||
| 590 |
_aBATCH-UPD _b10 _c20130110 _lUCH01 _h0209 |
||
| 590 |
_aBATCH-UPD _b10 _c20130110 _lUCH01 _h1124 |
||
| 590 |
_aBATCH-UPD _b10 _c20130409 _lUCH01 _h2224 |
||
| 590 |
_aBATCH-UPD _b10 _c20130914 _lUCH01 _h1856 |
||
| 590 |
_aCONVERSION _b10 _c20130109 _lUCH01 _h1346 |
||
| 650 | 1 | 4 |
_aRadiación _xEfecto en plantas. _993674 |
| 650 | 1 | 4 |
_aRayos gamma. _994856 |
| 650 | 1 | 4 |
_aSoya. _9109013 |
| 650 | 1 | 4 |
_aSoya _xRendimiento. _9109084 |
| 650 | 1 | 4 |
_aSoya _xVariedades. _9109096 |
| 901 | _aBK | ||
| 905 | _aEdna Luz | ||
| 942 | _cTESIS | ||
| 949 |
_bBC _cTES _d939551 _eTS1 _h37154 _i93955 _sb |
||
| 999 |
_c82470 _d82470 |
||